000 00475nam a2200181Ia 4500
008 100917s9999 xx 000 0 und d
082 _b50890
100 _aजाधव टी. के.
245 _aमुखवटा
260 _bधारा प्रकाशन
_c1982
300 _a164
365 _b25
520 _aकादंबरी
630 _aमुखवटा
650 _aकादंबरी
730 _aमुखवटा
942 _cBOOK
999 _c656284
_d656281